| 000 | 00811cam4a220026500 4500 | ||
|---|---|---|---|
| 001 | lce00858628 | ||
| 008 | 731227s1973 nyua b 001 0 eng | ||
| 010 | _a 73007925 //r89 | ||
| 020 | _a671-21624-4 | ||
| 020 |
_c _9.95 |
||
| 035 | _a(Sirsi) r47751 | ||
| 035 | _a(DLC) 73007925 //r89 | ||
| 035 | _a(UPRA)lce00858628 | ||
| 040 | _dUPRA | ||
| 043 | _aa-tu--- | ||
| 050 | 0 |
_aDR 486 Bar 1973 _b.B38 |
|
| 082 | _a949.6/00992 | ||
| 100 | 1 |
_aBarber, Noel, 1909- _dBarber, Noel, 1909- _6A5834.1 |
|
| 245 | 1 | 4 |
_aThe sultans / _c[by] Noel Barber. |
| 260 |
_aNew York : _bSimon and Schuster, _c[1973] |
||
| 504 | _aBibliography: p. 293-296. | ||
| 651 | 0 |
_aTurkey -- History. _xTurkey -- History. _6S4241.1 |
|
| 949 |
_aDR 486 Bar 1973 _wlcc _c 1 _i33729000053657 _mMAIN _p2500 _tBOOK _lON-SHELF |
||
| 004 | 47751 | ||
| 999 |
_c93846 _d93846 |
||